[Event "Mundial Juvenil femenino 2005 s18"]
[Site "Belfort FRA"]
[Date "2005.07.22"]
[Round "4.4"]
[White "Hoang, Thi Bao Tram"]
[Black "Savtchenko, Viktoria"]
[Result "1/2-1/2"]
[WhiteElo "2267"]
[BlackElo "2202"]
[PlyCount "94"]
[EventDate "2005.07.19"]
[EventType "swiss"]
[EventRounds "11"]
[EventCountry "FRA"]
[Source "lmi"]
[SourceDate "2005.07.31"]

1. e4 c5 2. Nf3 g6 3. d4 cxd4 4. Nxd4 Bg7 5. c4 Nc6 6. Be3 Nf6 7. Nc3 d6 8. Be2
O-O 9. O-O Nxd4 10. Bxd4 Nd7 11. Bxg7 Kxg7 12. Qd4+ Kg8 13. Rfd1 b6 14. f4 Nc5
15. e5 Ne6 16. Qf2 Bb7 17. f5 gxf5 18. Qxf5 Ng7 19. Qf4 dxe5 20. Rxd8 exf4 21.
Rd7 Bc6 22. Rxe7 Rfe8 23. Rxe8+ Rxe8 24. Kf2 Nf5 25. Nd5 Bxd5 26. cxd5 Ne3 27.
Bf3 Rc8 28. Ke2 Kf8 29. Kd3 Rd8 30. Ke4 Ke7 31. Rc1 Nxd5 32. Rd1 Ke6 33. Bg4+
f5+ 34. Bxf5+ Kf6 35. Bg4 Kg5 36. Kf3 Kf6 37. Kf2 Ke5 38. Bf3 Rd6 39. g3 fxg3+
40. hxg3 Nb4 41. Rxd6 Kxd6 42. Be4 h6 43. a3 Ke5 44. Kf3 Na6 45. Bc2 Nc5 46.
Kg4 Ne4 47. Kf3 Nd6 1/2-1/2

[Event "Mundial Juvenil femenino 2005 s18"]
[Site "Belfort FRA"]
[Date "2005.07.22"]
[Round "4.5"]
[White "Raeva, Elitsa"]
[Black "Vega Gutierrez, Sabrina"]
[Result "1-0"]
[WhiteElo "2191"]
[BlackElo "2262"]
[PlyCount "75"]
[EventDate "2005.07.19"]
[EventType "swiss"]
[EventRounds "11"]
[EventCountry "FRA"]
[Source "lmi"]
[SourceDate "2005.07.31"]

1. d4 d5 2. c4 e6 3. Nc3 c6 4. c5 b6 5. cxb6 axb6 6. Nf3 Bd6 7. Bg5 Ne7 8. e3
O-O 9. Bd3 Ba6 10. O-O f6 11. Bf4 Bxf4 12. exf4 Qd6 13. Re1 Bxd3 14. Qxd3 Na6
15. g3 Nc7 16. Re2 Ra5 17. b4 Ra3 18. Rb1 Rfa8 19. Ne1 c5 20. Nc2 cxb4 21. Nxa3
Rxa3 22. Nb5 Rxd3 23. Nxd6 h5 24. Rxb4 Nc6 25. Rxb6 Nxd4 26. Re3 Rd2 27. Ra3 h4
28. Kg2 h3+ 29. Kxh3 Rxf2 30. Rb8+ Kh7 31. Rb7 Ne2 32. g4 e5 33. fxe5 Ne6 34.
exf6 N6f4+ 35. Kh4 Rxh2+ 36. Kg5 Ne6+ 37. Kf5 N2d4+ 38. Ke5 1-0

[Event "Mundial Juvenil femenino 2005 s18"]
[Site "Belfort FRA"]
[Date "2005.07.22"]
[Round "4.6"]
[White "Pourkashiyan, Atousa"]
[Black "Kulovana, Eva"]
[Result "0-1"]
[WhiteElo "2261"]
[BlackElo "2137"]
[PlyCount "97"]
[EventDate "2005.07.19"]
[EventType "swiss"]
[EventRounds "11"]
[EventCountry "FRA"]
[Source "lmi"]
[SourceDate "2005.07.31"]

1. e4 c6 2. d4 d5 3. exd5 cxd5 4. Bd3 Nc6 5. c3 Qc7 6. Bg5 Nf6 7. Nf3 Bg4 8.
O-O e6 9. Bh4 Bd6 10. Bg3 Bh5 11. Nbd2 Bg6 12. Qe2 Bxg3 13. hxg3 Bxd3 14. Qxd3
O-O 15. Rae1 a6 16. Ne5 b5 17. f4 Rab8 18. g4 a5 19. g5 Nd7 20. Re3 Rfc8 21.
Nxd7 Qxd7 22. Rh3 f5 23. gxf6 gxf6 24. Rff3 b4 25. Rh6 bxc3 26. Rg3+ Kh8 27.
Rgh3 Rc7 28. bxc3 Qf7 29. Nf3 Rb2 30. f5 Qg8 31. Nh4 Qg5 32. Kh2 Rg7 33. Ng6+
Kg8 34. Qf3 hxg6 35. Rh8+ Kf7 36. fxe6+ Kxe6 37. Rg3 Qd2 38. c4 Qxd4 39. cxd5+
Qxd5 40. Qe3+ Ne5 41. Qc3 Qb7 42. Rhh3 g5 43. Qxa5 g4 44. Rh6 Rh7 45. Rxh7
Qxh7+ 46. Kg1 Qb1+ 47. Kh2 Qh7+ 48. Kg1 Qc2 49. Re3 0-1

[Event "Mundial Juvenil femenino 2005 s18"]
[Site "Belfort FRA"]
[Date "2005.07.22"]
[Round "4.7"]
[White "Borosova, Zuzana"]
[Black "Cochet, Caroline"]
[Result "1-0"]
[WhiteElo "2222"]
[BlackElo "2136"]
[PlyCount "53"]
[EventDate "2005.07.19"]
[EventType "swiss"]
[EventRounds "11"]
[EventCountry "FRA"]
[Source "lmi"]
[SourceDate "2005.07.31"]

1. e4 c5 2. Nf3 Nc6 3. d4 cxd4 4. Nxd4 g6 5. c4 Nf6 6. Nc3 d6 7. Nc2 Bg7 8. Be2
O-O 9. O-O Be6 10. Be3 Qa5 11. Nd4 Nxd4 12. Bxd4 Rfc8 13. b3 Nd7 14. f4 Bxd4+
15. Qxd4 Qc5 16. Rad1 Qxd4+ 17. Rxd4 f6 18. Bf3 Rab8 19. Ne2 a6 20. Rd2 b5 21.
cxb5 axb5 22. Nd4 Bf7 23. e5 fxe5 24. Nc6 e4 25. Nxe7+ Kg7 26. Nxc8 Rxc8 27.
Bg4 1-0

[Event "Mundial Juvenil femenino 2005 s18"]
[Site "Belfort FRA"]
[Date "2005.07.22"]
[Round "4.8"]
[White "Mar, Karmen"]
[Black "Majdan, Joanna"]
[Result "0-1"]
[WhiteElo "2134"]
[BlackElo "2219"]
[PlyCount "70"]
[EventDate "2005.07.19"]
[EventType "swiss"]
[EventRounds "11"]
[EventCountry "FRA"]
[Source "lmi"]
[SourceDate "2005.07.31"]

1. e4 c5 2. Nf3 d6 3. d4 cxd4 4. Qxd4 Nc6 5. Bb5 Bd7 6. Bxc6 Bxc6 7. Nc3 Nf6 8.
Bg5 e6 9. O-O-O Be7 10. Qd3 O-O 11. Nd4 Qa5 12. f4 Rfc8 13. Kb1 Rab8 14. h4 h6
15. f5 Qe5 16. Nf3 Qc5 17. Be3 Qa5 18. Bd4 e5 19. Be3 b5 20. Nd2 b4 21. Nb3 Qc7
22. Nd5 Nxd5 23. exd5 Bb5 24. Qd2 a5 25. g4 a4 26. Nc1 Bc4 27. g5 h5 28. f6 Bd8
29. fxg7 a3 30. Rh2 axb2 31. Nb3 Rb5 32. Qg2 Bxb3 33. cxb3 Qc3 34. Rh3 Rxd5 35.
Bd4 Qc1+ 0-1

[Event "Mundial Juvenil femenino 2005 s18"]
[Site "Belfort FRA"]
[Date "2005.07.22"]
[Round "4.10"]
[White "Guichard, Pauline"]
[Black "Ross, Laura"]
[Result "0-1"]
[WhiteElo "2103"]
[BlackElo "2170"]
[PlyCount "138"]
[EventDate "2005.07.19"]
[EventType "swiss"]
[EventRounds "11"]
[EventCountry "FRA"]
[Source "lmi"]
[SourceDate "2005.07.31"]

1. d4 d5 2. c4 c6 3. Nf3 Nf6 4. e3 Bf5 5. Nc3 e6 6. Nh4 Bg4 7. Qb3 Qb6 8. Qxb6
axb6 9. f3 Bh5 10. g4 Bg6 11. g5 Ng8 12. Nxg6 hxg6 13. Kf2 Ne7 14. e4 dxc4 15.
Bxc4 b5 16. Bb3 Na6 17. Bf4 Nc8 18. Rad1 b4 19. Ne2 Nb6 20. Kg3 c5 21. Rc1 Rc8
22. dxc5 Nxc5 23. Nd4 Be7 24. Nb5 O-O 25. Nd6 Rcd8 26. Rxc5 Rxd6 27. Rb5 Rc6
28. Rd1 Bc5 29. Rc1 Rfc8 30. Kg4 Bd4 31. Rxc6 bxc6 32. Rxb4 Bc5 33. Rc4 Nxc4
34. Bxc4 Ra8 35. Be5 Rd8 36. a4 Bd4 37. Bxd4 Rxd4 38. b3 Rd2 39. h4 Ra2 40. Kf4
Kf8 41. e5 Ke7 42. Kg3 Ra1 43. Kg2 f6 44. Bd3 Kf7 45. exf6 gxf6 46. gxf6 Kxf6
47. Kg3 c5 48. Bc4 e5 49. Bd3 Rd1 50. Bb5 Kf5 51. a5 Rg1+ 52. Kf2 Ra1 53. Bd3+
Kf4 54. Bxg6 Ra2+ 55. Ke1 Rxa5 56. Be4 Ra2 57. h5 Ke3 58. Kd1 Rh2 59. h6 Rxh6
60. Kc2 Kd4 61. Kb2 Rh4 62. Bc6 Rf4 63. Kc2 Ke3 64. Kc3 Rxf3 65. Kc4 Kf4 66.
Bd5 e4 67. Kxc5 e3 68. Bc4 Rf2 69. b4 Rc2 0-1

[Event "Mundial Juvenil femenino 2005 s18"]
[Site "Belfort FRA"]
[Date "2005.07.22"]
[Round "4.11"]
[White "Swaminathan, Soumya"]
[Black "Stefan, Elisabeta-Elena"]
[Result "0-1"]
[WhiteElo "2166"]
[BlackElo "2105"]
[PlyCount "118"]
[EventDate "2005.07.19"]
[EventType "swiss"]
[EventRounds "11"]
[EventCountry "FRA"]
[Source "lmi"]
[SourceDate "2005.07.31"]

1. e4 e5 2. Nf3 Nc6 3. Bb5 a6 4. Ba4 Nf6 5. O-O Be7 6. Re1 b5 7. Bb3 O-O 8. c3
d5 9. exd5 Nxd5 10. Nxe5 Nxe5 11. Rxe5 c6 12. d4 Bd6 13. Re1 Qh4 14. g3 Qh3 15.
Be3 Bg4 16. Qd3 Rae8 17. Nd2 Re6 18. Bxd5 cxd5 19. a4 bxa4 20. Rxa4 f5 21. Qf1
Qh5 22. f4 Rfe8 23. Qf2 R8e7 24. Nf1 Bh3 25. Raa1 Qe8 26. Bd2 Bxf1 27. Qxf1 Qh5
28. Qg2 Re4 29. Rxe4 Rxe4 30. Rxa6 Qd1+ 31. Qf1 Qxd2 32. Ra1 h6 33. Rd1 Qxb2
34. Qa6 Bf8 35. Qc6 Qb3 36. Rf1 Re2 37. Ra1 Ra2 38. Qe6+ Kh8 39. Rxa2 Qxa2 40.
Qxf5 Qa8 41. Kf2 Ba3 42. Ke2 Qa6+ 43. Kd2 Qc4 44. Qf7 Qb5 45. Qc7 Qb2+ 46. Ke3
Qc1+ 47. Kf2 Qd2+ 48. Kf3 Qd1+ 49. Kf2 Qc2+ 50. Kf1 Qe4 51. Kf2 Bc1 52. Qc8+
Kh7 53. Qg4 Be3+ 54. Kf1 Bd2 55. Kf2 Be1+ 56. Kf1 Bxc3 57. Qh5 Bxd4 58. f5 Qe3
59. Qg6+ Kg8 0-1

[Event "Mundial Juvenil femenino 2005 s18"]
[Site "Belfort FRA"]
[Date "2005.07.22"]
[Round "4.12"]
[White "Itkis, Khana"]
[Black "Stojanovic, Andjelija"]
[Result "0-1"]
[WhiteElo "2117"]
[BlackElo "2162"]
[PlyCount "114"]
[EventDate "2005.07.19"]
[EventType "swiss"]
[EventRounds "11"]
[EventCountry "FRA"]
[Source "lmi"]
[SourceDate "2005.07.31"]

1. c4 e5 2. Nc3 Nf6 3. Nf3 Nc6 4. a3 d5 5. cxd5 Nxd5 6. Qc2 Be7 7. e3 O-O 8.
Bb5 Bg4 9. Bxc6 Bxf3 10. Bxb7 Nxe3 11. dxe3 Bxb7 12. O-O Bc5 13. Ne4 Bb6 14.
Nc5 Bxg2 15. Kxg2 Qd5+ 16. Ne4 f5 17. Rd1 Qxe4+ 18. Qxe4 fxe4 19. b3 Rf5 20.
Bb2 Raf8 21. Rd2 Kf7 22. Rc1 Ke7 23. a4 Rg5+ 24. Kh1 Rf6 25. Ba3+ Ke8 26. Rcd1
c5 27. b4 cxb4 28. Bxb4 a5 29. Ba3 Rgf5 30. Rd7 Rf7 31. R7d6 R5f6 32. R6d5 Bc7
33. Bb2 Rxf2 34. Bc3 Re2 35. Bxe5 Rxe3 36. Bxc7 Rxc7 37. Rxa5 Re2 38. Re5+ Kf7
39. Rf1+ Kg6 40. Rg1+ Kf6 41. Rh5 g6 42. Rh3 Ra2 43. Rh4 Rxa4 44. Re1 Kf5 45.
Re2 h5 46. Kg2 Rc3 47. Rh3 Rxh3 48. Kxh3 Kf4 49. Kg2 e3 50. Re1 Ra2+ 51. Kg1 g5
52. Rf1+ Ke4 53. Re1 Kd3 54. Rd1+ Rd2 55. Re1 g4 56. h3 g3 57. h4 e2 0-1

[Event "Mundial Juvenil femenino 2005 s18"]
[Site "Belfort FRA"]
[Date "2005.07.22"]
[Round "4.13"]
[White "Rolli, Sabrina"]
[Black "Morales Mendoza, Luciana"]
[Result "0-1"]
[WhiteElo "2044"]
[BlackElo "2149"]
[PlyCount "86"]
[EventDate "2005.07.19"]
[EventType "swiss"]
[EventRounds "11"]
[EventCountry "FRA"]
[Source "lmi"]
[SourceDate "2005.07.31"]

1. e4 e6 2. d4 d5 3. Nc3 Nf6 4. e5 Nfd7 5. f4 c5 6. Nf3 Nc6 7. Be3 cxd4 8. Nxd4
Qb6 9. Qd2 Qxb2 10. Rb1 Qa3 11. Ndb5 Qa5 12. Nxd5 Qxd2+ 13. Bxd2 exd5 14. Nc7+
Kd8 15. Nxa8 b6 16. Bb5 Bb7 17. Nxb6 axb6 18. O-O Bc5+ 19. Kh1 h5 20. a4 h4 21.
h3 Ke7 22. a5 bxa5 23. Bxa5 Nxa5 24. Bxd7 Kxd7 25. Rb5 Ba6 26. Rxc5 Bxf1 27.
Rxd5+ Ke6 28. Rxa5 Rd8 29. Kg1 Rd1 30. Kf2 Bc4 31. c3 Rd3 32. Ra8 Rd2+ 33. Ke3
Rxg2 34. Kd4 Bf1 35. Rh8 Rd2+ 36. Ke4 Bxh3 37. Ke3 Rc2 38. Kd4 Bf1 39. Rxh4 g6
40. Rh1 Bg2 41. Rg1 Kf5 42. Kd3 Be4+ 43. Kd4 Rd2+ 0-1

[Event "Mundial Juvenil femenino 2005 s18"]
[Site "Belfort FRA"]
[Date "2005.07.22"]
[Round "4.14"]
[White "Sarquis, Maria Belen"]
[Black "Estrada Gaspar, Nelly"]
[Result "1-0"]
[WhiteElo "2149"]
[BlackElo "1994"]
[PlyCount "103"]
[EventDate "2005.07.19"]
[EventType "swiss"]
[EventRounds "11"]
[EventCountry "FRA"]
[Source "lmi"]
[SourceDate "2005.07.31"]

1. Nf3 f5 2. g3 Nf6 3. Bg2 e6 4. O-O d5 5. d3 Bd6 6. Nbd2 O-O 7. Re1 f4 8. c4
c6 9. b3 fxg3 10. hxg3 Ng4 11. Nf1 Nd7 12. Bb2 Bb4 13. N1d2 Qa5 14. Rf1 dxc4
15. dxc4 Qh5 16. Re1 e5 17. a3 Bxd2 18. Qxd2 Nc5 19. Qg5 Qxg5 20. Nxg5 Nxb3 21.
Ra2 h6 22. Ne4 Be6 23. Bh3 Nd4 24. Bxd4 exd4 25. f3 Bxc4 26. Rc2 Ne3 27. Rxc4
Nxc4 28. Be6+ Kh8 29. Bxc4 b6 30. Rd1 Rad8 31. Kf2 Rf5 32. g4 Ra5 33. Rd3 Ra4
34. Be6 c5 35. f4 c4 36. Rh3 c3 37. Ng5 Rb8 38. Nf7+ Kh7 39. f5 Rf8 40. g5 Rxf7
41. g6+ Kg8 42. f6 Ra5 43. gxf7+ Kf8 44. fxg7+ Kxg7 45. Rxh6 d3 46. Rh8 Kf6 47.
f8=Q+ Kxe6 48. Qg8+ Kd6 49. Qd8+ Kc6 50. Rh6+ Kb7 51. Qd7+ Ka6 52. Qxd3+ 1-0

[Event "Mundial Juvenil femenino 2005 s18"]
[Site "Belfort FRA"]
[Date "2005.07.22"]
[Round "4.16"]
[White "Pintor, Ariana"]
[Black "Vinuthna, N."]
[Result "0-1"]
[WhiteElo "2081"]
[BlackElo "2268"]
[PlyCount "106"]
[EventDate "2005.07.19"]
[EventType "swiss"]
[EventRounds "11"]
[EventCountry "FRA"]
[Source "lmi"]
[SourceDate "2005.07.31"]

1. e4 g6 2. d4 Bg7 3. g3 d6 4. Bg2 Nf6 5. Nc3 O-O 6. Nf3 Nbd7 7. O-O e5 8. h3
c6 9. Be3 Qc7 10. Qe2 Re8 11. Rad1 b5 12. dxe5 dxe5 13. Ne1 a5 14. f4 exf4 15.
Bxf4 Qb6+ 16. Kh2 b4 17. Na4 Qa6 18. Nd3 Qb5 19. b3 Nxe4 20. Bxe4 Nf6 21. Be5
Nxe4 22. c4 bxc3 23. Bxg7 c2 24. Rc1 Kxg7 25. Nc3 Qh5 26. Qxh5 gxh5 27. Nxe4
Rxe4 28. Rxc2 Ba6 29. Rf3 Rae8 30. Nf4 Kf8 31. Rxc6 Bb7 32. Rc2 Re1 33. Rcf2
Bxf3 34. Rxf3 Ra1 35. Rf2 Ree1 36. h4 Rh1+ 37. Kg2 Rag1+ 38. Kf3 Rf1 39. Rxf1
Rxf1+ 40. Ke4 Ra1 41. Nxh5 Rxa2 42. Kd4 Ke7 43. Kc4 Ke6 44. Kc3 Kf5 45. Kc4 h6
46. Ng7+ Kg4 47. h5 a4 48. bxa4 Rxa4+ 49. Kd3 Ra3+ 50. Ke4 Rf3 51. Ke5 Kxg3 52.
Nf5+ Rxf5+ 53. Kxf5 Kh4 0-1

[Event "Mundial Juvenil femenino 2005 s18"]
[Site "Belfort FRA"]
[Date "2005.07.22"]
[Round "4.17"]
[White "Untila, Stela"]
[Black "Szczepkowska, Karina"]
[Result "0-1"]
[WhiteElo "2065"]
[BlackElo "2245"]
[PlyCount "124"]
[EventDate "2005.07.19"]
[EventType "swiss"]
[EventRounds "11"]
[EventCountry "FRA"]
[Source "lmi"]
[SourceDate "2005.07.31"]

1. c4 g6 2. Nc3 Bg7 3. g3 e5 4. Bg2 d6 5. e4 Nc6 6. Nge2 f5 7. d3 Nge7 8. O-O
O-O 9. f4 Be6 10. Nd5 Qd7 11. Rb1 Rf7 12. b3 Raf8 13. Bb2 fxe4 14. dxe4 Bg4 15.
Qe1 Nc8 16. Nc1 Bh3 17. Nd3 Bxg2 18. Kxg2 Nd8 19. Qe2 c6 20. Ne3 exf4 21. Bxg7
Kxg7 22. Nxf4 Qe7 23. Nc2 Nb6 24. Nd4 Nd7 25. Nf3 Kg8 26. Rbe1 Re8 27. Qd2 Ne5
28. Qe3 Ref8 29. Nxe5 Qxe5 30. Nd3 Qa5 31. Qe2 Ne6 32. Rxf7 Rxf7 33. Rf1 Nd4
34. Qb2 Rxf1 35. Kxf1 c5 36. e5 dxe5 37. Nxe5 Qc7 38. Nd3 Qe7 39. Qg2 Kg7 40.
Ne1 b6 41. Nc2 Qf6+ 42. Ke1 Nf3+ 43. Kd1 g5 44. h3 h5 45. Kc1 g4 46. h4 Qe5 47.
Qf2 Kf7 48. Kb1 Ke6 49. Ne3 Qc3 50. Nc2 Qd3 51. Kb2 Qd2 52. Qe3+ Qxe3 53. Nxe3
Nd4 54. Nf1 Ke5 55. Nd2 Ne2 56. Nf1 Ke4 57. Kc2 Kf3 58. Kd2 Nxg3 59. Ne3 Ne4+
60. Kd3 g3 61. a3 Nf2+ 62. Kd2 g2 0-1

[Event "Mundial Juvenil femenino 2005 s18"]
[Site "Belfort FRA"]
[Date "2005.07.22"]
[Round "4.18"]
[White "Bayaraa, Zorigt"]
[Black "Martirosyan, Lia"]
[Result "1-0"]
[WhiteElo "2061"]
[BlackElo "2120"]
[PlyCount "121"]
[EventDate "2005.07.19"]
[EventType "swiss"]
[EventRounds "11"]
[EventCountry "FRA"]
[Source "lmi"]
[SourceDate "2005.07.31"]

1. e4 c5 2. Nf3 Nc6 3. Bb5 e6 4. Bxc6 bxc6 5. O-O Qc7 6. Nc3 Ne7 7. d3 Ng6 8.
Re1 e5 9. h3 Be7 10. Ne2 O-O 11. Ng3 d6 12. c3 f5 13. exf5 Bxf5 14. Nxf5 Rxf5
15. d4 cxd4 16. cxd4 d5 17. dxe5 Raf8 18. Be3 Qd7 19. Nd4 Rxe5 20. Qa4 Bc5 21.
Qxc6 Qe7 22. Nc2 Bxe3 23. Rxe3 Nf4 24. Kh1 Rd8 25. Rxe5 Qxe5 26. Re1 Qh5 27.
Qc3 Qg6 28. Ne3 d4 29. Qc7 Rf8 30. Qc4+ Ne6 31. Ng4 Re8 32. Ne5 Qf5 33. Nf3 d3
34. Re3 Kf8 35. Qxd3 Qxd3 36. Rxd3 Nf4 37. Rd2 Rc8 38. Kh2 h6 39. Ne5 Ke7 40.
g3 Nh5 41. b3 Nf6 42. Nc4 Rc6 43. Kg2 Re6 44. Rd3 Kf7 45. Nd6+ Kg6 46. Nc8 a5
47. Nd6 Re2 48. a4 Re5 49. Nc4 Rc5 50. f4 Nd5 51. Kf3 h5 52. g4 hxg4+ 53. hxg4
Kf6 54. Ke4 Nb4 55. Rd6+ Ke7 56. Rg6 Kf7 57. Rb6 Na2 58. Kd4 Rc7 59. Nxa5 Nc1
60. Nc4 Ne2+ 61. Ke3 1-0

[Event "Mundial Juvenil femenino 2005 s18"]
[Site "Belfort FRA"]
[Date "2005.07.22"]
[Round "4.19"]
[White "Isgandarova, Khayala"]
[Black "Markantonaki, Haritomeni"]
[Result "0-1"]
[WhiteElo "2037"]
[BlackElo "2115"]
[PlyCount "100"]
[EventDate "2005.07.19"]
[EventType "swiss"]
[EventRounds "11"]
[EventCountry "FRA"]
[Source "lmi"]
[SourceDate "2005.07.31"]

1. e4 e5 2. d4 exd4 3. c3 Qe7 4. cxd4 Qxe4+ 5. Be3 d5 6. Nc3 Qe6 7. Nf3 Nf6 8.
Bd3 Bd6 9. O-O O-O 10. Re1 Qd7 11. Bg5 Be7 12. Rxe7 Qxe7 13. Nxd5 Qd6 14. Nxf6+
gxf6 15. Bh6 Re8 16. Nh4 Qd5 17. Rc1 Nc6 18. Rc5 Qxd4 19. Nf5 Bxf5 20. Rxf5 Ne5
21. Rf4 Qd7 22. Rd4 Qxd4 23. Bxh7+ Kxh7 24. Qxd4 Rad8 25. Qa4 Kxh6 26. Qh4+ Kg7
27. Qg3+ Ng6 28. h4 Rd1+ 29. Kh2 Rh8 30. Qf3 Rxh4+ 31. Kg3 Rdd4 32. Qxb7 Rhg4+
33. Kh2 Rh4+ 34. Kg3 f5 35. Qxc7 Rd3+ 36. f3 f4+ 37. Kf2 Rd2+ 38. Kg1 Rd1+ 39.
Kf2 Rhh1 40. Qc3+ Kh7 41. Qc2 Rde1 42. Qd3 Kg7 43. Qd4+ Ne5 44. g3 Rhf1+ 45.
Kg2 Rg1+ 46. Kh2 fxg3+ 47. Kh3 Kg6 48. f4 Rh1+ 49. Kxg3 Reg1+ 50. Kf2 Rh2+ 0-1

[Event "Mundial Juvenil femenino 2005 s18"]
[Site "Belfort FRA"]
[Date "2005.07.22"]
[Round "4.20"]
[White "Choisy, Mathilde"]
[Black "Franco, Beatriz"]
[Result "1-0"]
[WhiteElo "2113"]
[BlackElo "2054"]
[PlyCount "53"]
[EventDate "2005.07.19"]
[EventType "swiss"]
[EventRounds "11"]
[EventCountry "FRA"]
[Source "lmi"]
[SourceDate "2005.07.31"]

1. e4 e5 2. Nf3 Nc6 3. d4 exd4 4. Nxd4 Bc5 5. Be3 Qf6 6. Nb5 Bxe3 7. fxe3 Kd8
8. N1c3 Nge7 9. Qd2 a6 10. Nd4 Ne5 11. Be2 Qh4+ 12. g3 Qg5 13. O-O-O h5 14.
Rhf1 d6 15. Nf3 Nxf3 16. Rxf3 Be6 17. Nd5 Qe5 18. Bc4 Nxd5 19. Bxd5 Bg4 20.
Rxf7 Bxd1 21. Qxd1 Kc8 22. Qf1 Re8 23. Qc4 c6 24. Bxc6 d5 25. Bxd5+ Kd8 26.
Bxb7 Rb8 27. Qd3+ 1-0

[Event "Mundial Juvenil femenino 2005 s18"]
[Site "Belfort FRA"]
[Date "2005.07.23"]
[Round "5.1"]
[White "Batkhuyag, Munguntuul"]
[Black "Kovanova, Baira"]
[Result "1-0"]
[WhiteElo "2391"]
[BlackElo "2321"]
[PlyCount "55"]
[EventDate "2005.07.19"]
[EventType "swiss"]
[EventRounds "11"]
[EventCountry "FRA"]
[Source "lmi"]
[SourceDate "2005.07.31"]

1. e4 e5 2. Nf3 Nc6 3. Bb5 d6 4. O-O g6 5. c3 Bg7 6. d4 exd4 7. cxd4 Bd7 8. Nc3
Nge7 9. Be3 O-O 10. Qd2 f5 11. Ng5 Qe8 12. exf5 Nxf5 13. Rae1 Kh8 14. Bc4 h6
15. Bf4 Qc8 16. Ne6 Bxe6 17. Bxe6 Qd8 18. Bxf5 Rxf5 19. d5 Ne5 20. Bxh6 Nf3+
21. gxf3 Qh4 22. Bxg7+ Kxg7 23. Ne2 Rh8 24. Qd4+ Qxd4 25. Nxd4 Rg5+ 26. Kh1
Rgh5 27. f4 Rxh2+ 28. Kg1 1-0

[Event "Mundial Juvenil femenino 2005 s18"]
[Site "Belfort FRA"]
[Date "2005.07.23"]
[Round "5.2"]
[White "Zawadzka, Jolanta"]
[Black "Raeva, Elitsa"]
[Result "1-0"]
[WhiteElo "2402"]
[BlackElo "2191"]
[PlyCount "114"]
[EventDate "2005.07.19"]
[EventType "swiss"]
[EventRounds "11"]
[EventCountry "FRA"]
[Source "lmi"]
[SourceDate "2005.07.31"]

1. e4 c5 2. Nf3 Nc6 3. d4 cxd4 4. Nxd4 g6 5. c4 Bg7 6. Be3 Nf6 7. Nc3 O-O 8. f3
d6 9. Qd2 Be6 10. Be2 Rc8 11. b3 Nd7 12. O-O Nxd4 13. Bxd4 Bxd4+ 14. Qxd4 Qb6
15. Qxb6 Nxb6 16. f4 Bd7 17. Rad1 a5 18. e5 dxe5 19. Nd5 Nxd5 20. Rxd5 Be6 21.
Rxe5 b6 22. g4 Rc5 23. Re3 Rd8 24. Rd1 Rxd1+ 25. Bxd1 b5 26. cxb5 Rxb5 27. Kf2
Kf8 28. Bf3 Rb4 29. Kg3 Rd4 30. Re4 Rd3 31. Re5 Bd7 32. Kf2 Rd2+ 33. Re2 Rd4
34. Ke3 Rb4 35. Rd2 Be6 36. Rd8+ Kg7 37. Ra8 Rb5 38. Ra7 Kf8 39. Rc7 Bd5 40.
Be2 Rb4 41. Rc5 Bb7 42. Bc4 a4 43. a3 Rb6 44. bxa4 Ba6 45. Bb5 Re6+ 46. Kd4 Bb7
47. Re5 Rf6 48. f5 Rd6+ 49. Kc5 gxf5 50. Rxf5 Rh6 51. a5 e6 52. Rh5 Rxh5+ 53.
gxh5 e5 54. a6 Ba8 55. Bc6 Bxc6 56. Kxc6 e4 57. a7 Ke8 1-0

[Event "Mundial Juvenil femenino 2005 s18"]
[Site "Belfort FRA"]
[Date "2005.07.23"]
[Round "5.6"]
[White "Stefan, Elisabeta-Elena"]
[Black "Borosova, Zuzana"]
[Result "1/2-1/2"]
[WhiteElo "2105"]
[BlackElo "2222"]
[PlyCount "102"]
[EventDate "2005.07.19"]
[EventType "swiss"]
[EventRounds "11"]
[EventCountry "FRA"]
[Source "lmi"]
[SourceDate "2005.07.31"]

1. e4 e5 2. Bc4 Nc6 3. d3 Nf6 4. Nc3 Bc5 5. Nf3 d6 6. Bg5 h6 7. Bxf6 Qxf6 8.
Nd5 Qd8 9. c3 a6 10. d4 exd4 11. Nxd4 Nxd4 12. cxd4 Ba7 13. O-O c6 14. Nc3 O-O
15. Qd3 b5 16. Bb3 c5 17. Bd5 Rb8 18. Rad1 Qf6 19. Kh1 Qxd4 20. Qxd4 cxd4 21.
Ne2 Be6 22. Bxe6 fxe6 23. Nxd4 Bxd4 24. Rxd4 Rbc8 25. f3 Rc2 26. Rxd6 Rxb2 27.
Rxa6 Rc8 28. h3 Rcc2 29. Rg1 Rf2 30. Rb6 b4 31. Rb7 Kh7 32. Rb6 e5 33. h4 Rfc2
34. Kh2 Rc4 35. Ra6 Rcc2 36. Rb6 Rc3 37. Kg3 Ra3 38. Ra1 h5 39. Kh3 b3 40. Rb5
Ra6 41. a4 Rg6 42. Rg1 Rc6 43. a5 Ra2 44. Rb1 Rcc2 45. R5xb3 Rxg2 46. Rh1 Rg6
47. Rh2 Ra1 48. Rbb2 Ra3 49. Rhf2 Rg1 50. Ra2 Ra1 51. Rxa1 Rxa1 1/2-1/2

[Event "Mundial Juvenil femenino 2005 s18"]
[Site "Belfort FRA"]
[Date "2005.07.23"]
[Round "5.7"]
[White "Majdan, Joanna"]
[Black "Sarquis, Maria Belen"]
[Result "1/2-1/2"]
[WhiteElo "2219"]
[BlackElo "2149"]
[PlyCount "70"]
[EventDate "2005.07.19"]
[EventType "swiss"]
[EventRounds "11"]
[EventCountry "FRA"]
[Source "lmi"]
[SourceDate "2005.07.31"]

1. e4 e5 2. Nf3 Nc6 3. Bb5 a6 4. Ba4 Nf6 5. O-O b5 6. Bb3 Be7 7. Re1 d6 8. c3
O-O 9. h3 Na5 10. Bc2 c5 11. d4 Qc7 12. Nbd2 cxd4 13. cxd4 Nc6 14. d5 Nb4 15.
Bb1 a5 16. Nf1 Bd7 17. Ne3 Rfc8 18. Bd2 Na6 19. Nh2 Nc5 20. Neg4 Nxg4 21. hxg4
Qd8 22. g3 Bf6 23. Kg2 Qe7 24. Nf1 g6 25. Ne3 Bg5 26. Bc2 Ra7 27. Rh1 b4 28.
Nf1 Bb5 29. Nh2 Bd7 30. Bxg5 Qxg5 31. Nf3 Qe7 32. Nd2 Bb5 33. Nf3 Bd7 34. Nd2
Bb5 35. Nf3 Bd7 1/2-1/2

[Event "Mundial Juvenil femenino 2005 s18"]
[Site "Belfort FRA"]
[Date "2005.07.23"]
[Round "5.9"]
[White "Ross, Laura"]
[Black "Bolon, Karelle"]
[Result "1-0"]
[WhiteElo "2170"]
[BlackElo "2064"]
[PlyCount "71"]
[EventDate "2005.07.19"]
[EventType "swiss"]
[EventRounds "11"]
[EventCountry "FRA"]
[Source "lmi"]
[SourceDate "2005.07.31"]

1. e4 c5 2. Nf3 e6 3. Nc3 a6 4. d4 cxd4 5. Nxd4 Qc7 6. g3 b5 7. Bg2 Bb7 8. O-O
Nf6 9. a3 d6 10. g4 Nc6 11. Nxc6 Bxc6 12. g5 Nd7 13. f4 Nb6 14. f5 e5 15. Qh5
g6 16. Qh3 Bd7 17. Qf3 O-O-O 18. Be3 d5 19. Nxd5 Nxd5 20. exd5 Bd6 21. Qf2 gxf5
22. Bb6 Qc4 23. b3 Qc3 24. Rad1 Rdg8 25. Rd3 Qb2 26. Bc5 Bb8 27. d6 Rxg5 28.
Be3 f4 29. Bc1 Bc6 30. d7+ Kb7 31. Bxb2 Rhg8 32. d8=N+ Rxd8 33. Rxd8 Ba7 34.
Rd7+ Kc8 35. Rxa7 f3 36. Qxf3 1-0

[Event "Mundial Juvenil femenino 2005 s18"]
[Site "Belfort FRA"]
[Date "2005.07.23"]
[Round "5.10"]
[White "Vinuthna, N."]
[Black "Markantonaki, Haritomeni"]
[Result "0-1"]
[WhiteElo "2268"]
[BlackElo "2115"]
[PlyCount "112"]
[EventDate "2005.07.19"]
[EventType "swiss"]
[EventRounds "11"]
[EventCountry "FRA"]
[Source "lmi"]
[SourceDate "2005.07.31"]

1. e4 e5 2. Nf3 Nc6 3. Bb5 a6 4. Ba4 Nf6 5. Qe2 b5 6. Bb3 Bc5 7. d3 O-O 8. Bg5
h6 9. Bh4 d6 10. c3 Be6 11. Nbd2 Qe7 12. Bd5 Bd7 13. Nf1 Rae8 14. Ng3 g6 15.
Qd2 Kg7 16. O-O Nb8 17. d4 Bb6 18. Kh1 c6 19. Bb3 Bc8 20. Rae1 Bd8 21. Bxf6+
Qxf6 22. Ng1 Qf4 23. Qd3 h5 24. dxe5 h4 25. N3e2 Qxe5 26. Nd4 Qh5 27. f4 Bf6
28. Ndf3 Rd8 29. Qe3 Nd7 30. e5 dxe5 31. fxe5 Be7 32. e6 Bc5 33. Qe4 fxe6 34.
Bxe6 Bb7 35. Qxh4 Qxh4 36. Nxh4 Bf2 37. Re4 Bxh4 38. Rd1 Nc5 39. Rxd8 Rxd8 40.
Rxh4 Nxe6 41. Re4 Kf6 42. Re2 c5 43. h3 Nf4 44. Rf2 Ke5 45. Kh2 Bxg2 46. Ne2
Nxe2 47. Rxe2+ Be4 48. Kg3 Rd1 49. h4 Rg1+ 50. Kh2 Rg4 51. Kh3 Rf4 52. Kg3 Kf5
53. Re3 Rf1 54. Re2 Rf3+ 55. Kh2 Kf4 56. Rd2 Rf1 0-1